|
|
|
|
| LEADER |
01410nam a2200349 a 4500 |
| 001 |
30758 |
| 003 |
BD-DhAAL |
| 005 |
20160105193257.0 |
| 008 |
151205s1992 ilua 000 0 eng |
| 010 |
|
|
|a 92008389
|
| 020 |
|
|
|a 092958791X (alk. paper)
|
| 020 |
|
|
|a 0929587901 (pbk. : alk. paper)
|
| 040 |
|
|
|a DLC
|c DLC
|d DLC
|d BD-DhAAL
|
| 041 |
1 |
|
|a eng
|h nor
|
| 050 |
0 |
0 |
|a PS3552.R845
|b W4 1992
|
| 082 |
0 |
0 |
|2 20
|a 839.8226
|
| 100 |
1 |
|
|a Ibsen, Henrik,
|d 1828-1906.
|9 15685
|
| 245 |
1 |
0 |
|a When we dead awaken /
|c by Henrik Ibsen ; in a new adaptation by Robert Brustein.
|
| 260 |
|
|
|a Chicago :
|b I.R. Dee,
|c 1992.
|
| 300 |
|
|
|a 66 p. :
|c 18 cm.
|b ill, ;
|
| 490 |
|
0 |
|a Plays for performance
|
| 510 |
4 |
|
|a Kramer, S. Stone and Kimball,
|c 247
|
| 526 |
|
|
|a ENH
|
| 541 |
|
|
|e 30758, 30759
|
| 600 |
1 |
|
|a Ibsen, Henrik
|d 1828-1906.
|9 17187
|
| 650 |
|
0 |
|a Norwegian drama
|y 19th century.
|9 17188
|
| 650 |
|
0 |
|a Norwegian drama.
|9 17189
|
| 700 |
1 |
|
|a Brustein, Robert Sanford,
|d 1927-
|9 17190
|
| 942 |
|
|
|2 ddc
|c BK
|
| 999 |
|
|
|c 35893
|d 35893
|
| 952 |
|
|
|0 0
|1 0
|2 ddc
|4 0
|6 839_822600000000000_IBS
|7 0
|9 57517
|a BRACUL
|b BRACUL
|c GEN
|d 2016-01-05
|e R K Corporation
|g 2100.00
|l 4
|m 12
|o 839.8226 IBS
|p 3010030758
|r 2024-07-06
|s 2024-06-30
|t 1
|w 2016-01-05
|y BK
|
| 952 |
|
|
|0 0
|1 0
|2 ddc
|4 0
|6 839_822600000000000_IBS
|7 0
|9 57518
|a BRACUL
|b BRACUL
|c GEN
|d 2016-01-05
|e R K Corporation
|g 2100.00
|l 5
|m 19
|o 839.8226 IBS
|p 3010030759
|r 2019-04-07
|s 2018-12-19
|t 2
|w 2016-01-05
|y BK
|